The Earthscan expert guide to using solar energy for heating, cooling, and electricity / (Record no. 189387)
[ view plain ]
| 000 -LEADER | |
|---|---|
| fixed length control field | 01054 a2200241 4500 |
| 003 - CONTROL NUMBER IDENTIFIER | |
| control field | Nust |
| 005 - DATE AND TIME OF LATEST TRANSACTION | |
| control field | 20221007174143.0 |
| 010 ## - LIBRARY OF CONGRESS CONTROL NUMBER | |
| LC control number | 2010048664 |
| 020 ## - INTERNATIONAL STANDARD BOOK NUMBER | |
| International Standard Book Number | 9781849711098 (hardback) |
| 040 ## - CATALOGING SOURCE | |
| Transcribing agency | Nust |
| 082 00 - DEWEY DECIMAL CLASSIFICATION NUMBER | |
| Classification number | 696,THO |
| 100 1# - MAIN ENTRY--PERSONAL NAME | |
| Personal name | Thorpe, Dave, |
| 9 (RLIN) | 99520 |
| 245 14 - TITLE STATEMENT | |
| Title | The Earthscan expert guide to using solar energy for heating, cooling, and electricity / |
| Statement of responsibility, etc. | David Thorpe. |
| 246 3# - VARYING FORM OF TITLE | |
| Title proper/short title | Expert guide to using solar energy for heating, cooling, and electricity |
| 250 ## - EDITION STATEMENT | |
| Edition statement | 1st ed. |
| 260 ## - PUBLICATION, DISTRIBUTION, ETC. | |
| Place of publication, distribution, etc. | London ; |
| -- | Washington, DC : |
| Name of publisher, distributor, etc. | Earthscan, |
| Date of publication, distribution, etc. | 2011. |
| 300 ## - PHYSICAL DESCRIPTION | |
| Extent | p. cm. |
| 505 0# - FORMATTED CONTENTS NOTE | |
| Formatted contents note | Introduction (Page-1), Passive Solar Building (Page-21), Solar Water Heating. (Page-63), Solar Space Heating. (Page-97), Other Solar Thermal Applications (Page-113). Grid-connected Photovoltaic’s (Page-125), Stand-alone Photovoltaic’s (Page-169), Concentrating Solar Power. (Page-185), Conclusion. (Page-203), Resources (Page-209). |
| 650 #0 - SUBJECT ADDED ENTRY--TOPICAL TERM | |
| Topical term or geographic name entry element | Solar buildings. |
| 9 (RLIN) | 99521 |
| 650 #0 - SUBJECT ADDED ENTRY--TOPICAL TERM | |
| Topical term or geographic name entry element | Solar energy. |
| 710 2# - ADDED ENTRY--CORPORATE NAME | |
| Corporate name or jurisdiction name as entry element | Earthscan. |
| 9 (RLIN) | 25341 |
| 942 ## - ADDED ENTRY ELEMENTS (KOHA) | |
| Koha item type | Reference |
| Source of classification or shelving scheme | |
| Withdrawn status | Lost status | Source of classification or shelving scheme | Damaged status | Not for loan | Permanent Location | Current Location | Shelving location | Date acquired | Full call number | Barcode | Date last seen | Price effective from | Koha item type | Public note |
|---|---|---|---|---|---|---|---|---|---|---|---|---|---|---|
| Military College of Signals (MCS) | Military College of Signals (MCS) | Reference | 12/12/2016 | 696,THO | MCS35090 | 12/08/2016 | 12/12/2016 | Reference | Almirah No.24, Shelf No.6 |
